An overview of multimodal transport development in Africa (Record no. 81719)

MARC details
000 -LEADER
fixed length control field 00871nam a2200229 a 4500
003 - CONTROL NUMBER IDENTIFIER
control field CBULib
005 - DATE AND TIME OF LATEST TRANSACTION
control field 20240422105939.0
008 - FIXED-LENGTH DATA ELEMENTS--GENERAL INFORMATION
fixed length control field 100225s2003 ||||||||||||||||| || u
040 ## - CATALOGING SOURCE
Language of cataloging English
Transcribing agency CBULib
Description conventions rda
Original cataloging agency CBULib
Modifying agency CBULib
050 ## - LIBRARY OF CONGRESS CALL NUMBER
Classification number UN-ECA(02)2003/3
110 ## - MAIN ENTRY--CORPORATE NAME
Corporate name or jurisdiction name as entry element United Nations Economic Commission For Africa(UNECA)
245 13 - TITLE STATEMENT
Title An overview of multimodal transport development in Africa
Statement of responsibility, etc /United Nations Economic Commission for Africa (UNECA)
260 ## - PUBLICATION, DISTRIBUTION, ETC. (IMPRINT)
Place of publication, distribution, etc Addis Ababa
Name of publisher, distributor, etc UNITED NATIONS
Date of publication, distribution, etc 2003
300 ## - PHYSICAL DESCRIPTION
Extent vi, 32pages : illustrations
336 ## - CONTENT TYPE
Source rdacontent
Content type term Text |
Content type code txt
337 ## - MEDIA TYPE
Source rdamedia
Media type term Unmediated |
Media type code n
338 ## - CARRIER TYPE
Source rdacarrier
Carrier type term Volume
Carrier type code nc
650 ## - SUBJECT ADDED ENTRY--TOPICAL TERM
Topical term or geographic name as entry element TRANSPORTATION--AFRICA
942 ## - ADDED ENTRY ELEMENTS (KOHA)
Source of classification or shelving scheme
Koha item type INTERNATIONAL PUBLICATIONS
Holdings
Withdrawn status Lost status Source of classification or shelving scheme Damaged status Not for loan Collection code Permanent Location Current Location Shelving location Date acquired Source of acquisition Full call number Barcode Date last seen Copy number Price effective from Koha item type
          Special Collections CBU-MAIN LIBRARY, KITWE. CBU-MAIN LIBRARY, KITWE. Special Collections 09/05/2023 DEP-UNECA UN-ECA(02)2003/3A 03005988 09/05/2023 1 09/05/2023 SPECIAL COLLECTION
          Special Collections CBU-MAIN LIBRARY, KITWE. CBU-MAIN LIBRARY, KITWE. Special Collections 09/05/2023 DEP-UNECA UN-ECA(02)2003/3B 03006635 09/05/2023 2 09/05/2023 SPECIAL COLLECTION